000 00386nam a2200169Ia 4500
005 20250423101702.0
008 250422s9999 xx 000 0 und d
020 _a978-0-596-52996-3
050 _aTK 5105.88817 .S58/
100 _aShuen, Amy
245 0 _aWeb 2.0 : a strategy guide
260 _aParis
260 _bO'Reilly
260 _c2008
300 _a243 p
942 _cBK
999 _c36978
_d36978